| 000 | 00000nam 2200000zi 4500 |
| 001 | 9.931533 |
| 003 | CaOODSP |
| 005 | 20250129112500 |
| 006 | m o d f |
| 007 | cr |n||||||||| |
| 008 | 230913s1992 onca o f|0| 0 eng d |
| 040 | |aCaOODSP|beng|erda|cCaOODSP |
| 043 | |an-cn--- |
| 086 | 1 |aEn14-540/1992E-PDF |
| 245 | 00|aEnvironmental emergencies : |bprevention, preparedness and response through Canada's Green Plan. |
| 264 | 1|a[Ottawa] : |bGovernment of Canada = Gouvernement du Canada, |c[1992] |
| 300 | |a1 online resource (2 unnumbered pages) : |billustrations |
| 336 | |atext|btxt|2rdacontent |
| 337 | |acomputer|bc|2rdamedia |
| 338 | |aonline resource|bcr|2rdacarrier |
| 500 | |aDigitized edition from print [produced by Environment and Climate Change Canada]. |
| 520 | |a"The Green Plan contains significant new measures that will strengthen Canada's ability not only to respond to environmental emergencies but to prevent them. This brochure gives an overview of these new initiatives and how they will improve our prevention of and response to environmental emergencies in Canada"--page [1]. |
| 650 | 0|aEmergency management|zCanada. |
| 650 | 0|aIndustrial safety|zCanada. |
| 650 | 0|aHazardous substances|zCanada|xSafety measures. |
| 650 | 6|aGestion des situations d'urgence|zCanada. |
| 650 | 6|aSécurité du travail|zCanada. |
| 650 | 6|aSubstances dangereuses|zCanada|xSécurité|xMesures. |
| 710 | 1 |aCanada. |bEnvironment Canada, |eissuing body. |
| 856 | 40|qPDF|s2.89 MB|uhttps://publications.gc.ca/collections/collection_2025/eccc/En14-540-1992-eng.pdf |